One World : 6-15 3 2012 Prague : youth quake : international human rights documentary film festival / [People in need]
Record details
- Physical Description: 199 s. ; 23 cm
- Publisher: Praha : Člověk v tísni - společnost při České televizi, 2012
Content descriptions
| General Note: | Název z obálky |
| Language Note: | Souběžný český text |
Search for related items by subject
| Subject: | Jeden svět (festival) filmové festivaly a přehlídky > Česko dokumentární filmy lidská práva film festivals > Czechia documentary films human rights Praha (Česko) Prague (Czechia) |
| Genre: | katalogy catalogs |
Available copies
- 1 of 1 copy available at Common Catalog SPOK.
Holds
- 0 current holds with 1 total copy.
Show Only Available Copies
| Location | Call Number / Copy Notes | Barcode | Shelving Location | Status | Due Date |
|---|---|---|---|---|---|
| Varianty | Cho On | 4605401198 | Šafaříkova 17 - 5. patro, chodba | Available | - |
| LDR | 02210nam a2200589 a 4500 | ||
|---|---|---|---|
| 001 | 31721 | ||
| 003 | CZ-PrJAB | ||
| 005 | 20190508071741.0 | ||
| 007 | ta | ||
| 008 | 060314s2012 xr ar c 0 a0eng | ||
| 035 | . | ‡a(CZ PrNK)nkc20061646926 | |
| 035 | . | ‡a(OCoLC)83979447 | |
| 040 | . | ‡aABA001 ‡bcze | |
| 041 | 1 | . | ‡aeng ‡acze ‡hcze |
| 043 | . | ‡ae-xr--- ‡be-xr-pg ‡2czenas | |
| 045 | . | ‡ax9y0 | |
| 072 | 7. | ‡a791 ‡xFilm. Cirkus. Lidová zábava ‡2Konspekt ‡93 | |
| 080 | . | ‡a791.65.079 ‡2MRF | |
| 080 | . | ‡a791.229.2 ‡2MRF | |
| 080 | . | ‡a342.7 ‡2MRF | |
| 080 | . | ‡a(437.311) ‡2MRF | |
| 080 | . | ‡a(083.81) ‡2MRF | |
| 111 | 2 | . | ‡aJeden svět (festival) ‡7ko2004226017 |
| 245 | 1 | 0. | ‡aOne World : ‡b6-15 3 2012 Prague : youth quake : international human rights documentary film festival / ‡c[People in need] |
| 246 | 3 | 1. | ‡aJeden svět |
| 260 | . | ‡aPraha : ‡bČlověk v tísni - společnost při České televizi, ‡c2012 | |
| 300 | . | ‡a199 s. ; ‡c23 cm | |
| 500 | . | ‡aNázev z obálky | |
| 546 | . | ‡aSouběžný český text | |
| 611 | 2 | 7. | ‡aJeden svět (festival) ‡7ko2004226017 ‡2czenas |
| 650 | 0 | 7. | ‡afilmové festivaly a přehlídky ‡7ph120194 ‡zČesko ‡2czenas |
| 650 | 0 | 7. | ‡adokumentární filmy ‡7ph127366 ‡2czenas |
| 650 | 0 | 7. | ‡alidská práva ‡7ph122331 ‡2czenas |
| 650 | 0 | 9. | ‡afilm festivals ‡zCzechia ‡2eczenas |
| 650 | 0 | 9. | ‡adocumentary films ‡2eczenas |
| 650 | 0 | 9. | ‡ahuman rights ‡2eczenas |
| 651 | 7. | ‡aPraha (Česko) ‡7ge118011 ‡2czenas | |
| 651 | 9. | ‡aPrague (Czechia) ‡2eczenas | |
| 655 | 7. | ‡akatalogy ‡7fd132535 ‡2czenas | |
| 655 | 9. | ‡acatalogs ‡2eczenas | |
| 710 | 2 | . | ‡aČlověk v tísni (společnost) ‡7kn20010711291 |
| 910 | . | ‡aABH006 | |
| 901 | . | ‡a31721 ‡b ‡c31721 ‡tbiblio | |